000
00483nam a2200145Ia 4500
008
100122s9999 xx 000 0 und d
082
_b
22861
_a
823
100
_a
बोरकर लक्ष्मीदास
245
_a
खुलता कळी खुलेना
260
_b
राधा रा. भुतडा
_c
1975
300
_a
196
630
_a
खुलता कळी खुलेना
730
_a
खुलता कळी खुलेना
942
_c
BOOK
999
_c
410528
_d
410525